|
|
|
|
| LEADER |
02324nam a22004695i 4500 |
| 001 |
978-3-642-21686-2 |
| 003 |
DE-He213 |
| 005 |
20151204152628.0 |
| 007 |
cr nn 008mamaa |
| 008 |
110721s2011 gw | s |||| 0|eng d |
| 020 |
|
|
|a 9783642216862
|9 978-3-642-21686-2
|
| 024 |
7 |
|
|a 10.1007/978-3-642-21686-2
|2 doi
|
| 040 |
|
|
|d GrThAP
|
| 050 |
|
4 |
|a HB172
|
| 072 |
|
7 |
|a KCC
|2 bicssc
|
| 072 |
|
7 |
|a BUS044000
|2 bisacsh
|
| 082 |
0 |
4 |
|a 338.5
|2 23
|
| 100 |
1 |
|
|a Rasmussen, Svend.
|e author.
|
| 245 |
1 |
0 |
|a Optimisation of Production Under Uncertainty
|h [electronic resource] :
|b The State-Contingent Approach /
|c by Svend Rasmussen.
|
| 264 |
|
1 |
|a Berlin, Heidelberg :
|b Springer Berlin Heidelberg :
|b Imprint: Springer,
|c 2011.
|
| 300 |
|
|
|a VIII, 81 p. 20 illus.
|b online resource.
|
| 336 |
|
|
|a text
|b txt
|2 rdacontent
|
| 337 |
|
|
|a computer
|b c
|2 rdamedia
|
| 338 |
|
|
|a online resource
|b cr
|2 rdacarrier
|
| 347 |
|
|
|a text file
|b PDF
|2 rda
|
| 490 |
1 |
|
|a SpringerBriefs in Economics,
|x 2191-5504
|
| 505 |
0 |
|
|a Preface -- 1 Introduction -- 2 Decision Theory Elements -- 3 Utility Function -- 4 State-Contingent Outcome and Preference -- 5 Preferences and Subjective Probabilities -- 6 Formulation of the Decision Problem -- 7 Connections Between Input and State-Contingent Output -- 8 Optimising Production Under Uncertainty -- 9 Summary and Conclusion -- References.
|
| 520 |
|
|
|a The book provides a short review of the classical approach to planning and decision making under uncertainty. It further explains the concept of state-contingent goods, and it extends earlier work on the state-contingent approach to describing production under uncertainty to the problems involved in optimising production under uncertainty.
|
| 650 |
|
0 |
|a Production management.
|
| 650 |
|
0 |
|a Economic theory.
|
| 650 |
|
0 |
|a Microeconomics.
|
| 650 |
1 |
4 |
|a Economics.
|
| 650 |
2 |
4 |
|a Microeconomics.
|
| 650 |
2 |
4 |
|a Operations Management.
|
| 650 |
2 |
4 |
|a Economic Theory/Quantitative Economics/Mathematical Methods.
|
| 710 |
2 |
|
|a SpringerLink (Online service)
|
| 773 |
0 |
|
|t Springer eBooks
|
| 776 |
0 |
8 |
|i Printed edition:
|z 9783642216855
|
| 830 |
|
0 |
|a SpringerBriefs in Economics,
|x 2191-5504
|
| 856 |
4 |
0 |
|u http://dx.doi.org/10.1007/978-3-642-21686-2
|z Full Text via HEAL-Link
|
| 912 |
|
|
|a ZDB-2-SBE
|
| 950 |
|
|
|a Business and Economics (Springer-11643)
|